Eurotunnel zastavil splátky úroků
Tunel pod La Manche. História preklenutia kanálu. Politické dôvody. Príčiny finančných problémov súkromnej spoločnosti Eurotunnel pri stavbe tunela. Problém vlastníctva tunela. Využitie tunela. Problém dlhodobého financovania tunela medzi francúzskou a anglickou vládou.
Enregistré dans:
| Format: | Chapitre de livre |
|---|---|
| Langue: | tchèque |
| Sujets: | |
| Tags: |
Pas de tags, Soyez le premier à ajouter un tag!
|
MARC
| LEADER | 00000naa a2200000 4500 | ||
|---|---|---|---|
| 001 | r019088 | ||
| 005 | 20221208131419.9 | ||
| 041 | 0 | |a cze | |
| 044 | |a CZ | ||
| 245 | 1 | 0 | |a Eurotunnel zastavil splátky úroků |
| 520 | |a Tunel pod La Manche. História preklenutia kanálu. Politické dôvody. Príčiny finančných problémov súkromnej spoločnosti Eurotunnel pri stavbe tunela. Problém vlastníctva tunela. Využitie tunela. Problém dlhodobého financovania tunela medzi francúzskou a anglickou vládou. | ||
| 610 | 2 | 0 | |a politika dopravná |
| 610 | 2 | 0 | |a doprava medzinárodná |
| 610 | 2 | 0 | |a doprava podzemná |
| 610 | 2 | 0 | |a doprava železničná |
| 610 | 2 | 0 | |a kanály |
| 610 | 2 | 0 | |a La Manche |
| 610 | 2 | 0 | |a Francúzsko |
| 610 | 2 | 0 | |a Veľká Británia |